| 000 | 00876nam a2200325 a 4500 | ||
|---|---|---|---|
| 001 | 36801 | ||
| 003 | AR-BaAGN | ||
| 005 | 20231116150757.0 | ||
| 007 | ta | ||
| 008 | 220625s1998 ag |||||r|||| ||||||spa d | ||
| 020 | _a950-23-0683-X | ||
| 040 |
_dAR-BaAGN _eaacr _bspa _aAR-BaAGN |
||
| 100 | 1 | _aDerrida, Jaques | |
| 245 | 1 | 0 |
_aEcografías de la televisión : _bentrevistas filmadas |
| 250 | _a1ª ed. | ||
| 260 |
_aBuenos Aires : _bEudeba, _c1998. |
||
| 300 |
_a200 páginas : _bfot. |
||
| 336 |
_2rdacontent _btxt |
||
| 337 |
_2rdamedia _bn |
||
| 338 |
_2rdacarrier _bnc |
||
| 490 | 0 | _aPensamiento Contemporáneo | |
| 650 | 4 |
_aCOMUNICACIÓN _9657 |
|
| 650 | 4 |
_aEXISTENCIALISMO _92098 |
|
| 650 | 4 |
_aTELECOMUNICACIONES _91539 |
|
| 650 | 4 |
_aTELEVISIÓN _91993 |
|
| 650 | 4 |
_aFILOSOFÍA _91702 |
|
| 700 | 1 | _aStiegler, Bernard | |
| 942 |
_cLIBRO _n0 |
||
| 999 |
_c36801 _d36801 |
||